000 00572nam a2200205Ia 4500
003 GCL
008 140319s9999 xx 000 0 eng d
040 _aGCL /
_cGCL
082 0 4 _a740
_bC A
100 1 _aCAMBRIDGE LIBRAY OF NAMENTS ART
245 1 0 _aARABIAN ORNAMENT: FROM THE 12TH TO 18TH CENTURY /
_cCAMBRIDGE LIBRAY OF NAMENTS ART
260 _a[S.N] :
_bGALLERY BOOKS ،
_c1991
300 _a48 P
650 0 4 _aحوادث المرور
650 0 4 _aORNAMENT - ARABIAN
650 0 4 _aARTS
650 0 4 _aDECORATION
650 0 4 _aART, ISLAMIC
942 _2ddc
_cBK
999 _c21203
_d21203